000 00426nam a2200157 i 4500
001 87838
003 ES-MaACL
005 20230906175741.0
007 t|
008 041223s1902 xxu ||||1| eng d
100 1 _aKutchin, Howard M.
_969085
245 1 0 _aReport on the salmon fisheries of Alaska
_b: 1901.
260 _aWashington :
_b[s.n.,
_c1902]
650 4 _aSalmones-
_zAlaska.
_9156542
852 _aES-MaACL
_jT-1110-F-5
999 _c87838
_d87838